书目信息 |
| 题名: |
安全行车百万公里经验
|
|
| 作者: | ;山东烟台汽运公司 编 | |
| 分册: | ||
| 出版信息: | 北京 人民交通出版社 1979.12 |
|
| 页数: | 58页 | |
| 开本: | 20cm | |
| 丛书名: | ||
| 单 册: | ||
| 中图分类: | U461.91 | |
| 科图分类: | ||
| 主题词: | 汽车工程 | |
| 电子资源: | ||
| ISBN: | ||
| 000 | 00605nam0 2200205 45 | |
| 001 | 0312221749 | |
| 005 | 20040513173702.2 | |
| 010 | @dCNY0.18 | |
| 091 | @a15044.4565 | |
| 100 | @a20031222d1979 km y0chiy0120 ea | |
| 101 | @achi | |
| 105 | @a z 000yy | |
| 200 | 1 | @a安全行车百万公里经验@AAn Quan Xing Che Bai Wan Gong Li Jing Yan@f山东烟台汽运公司编@FShan Dong YanTai Qi Yun Gong Si Bian |
| 210 | @a北京@c人民交通出版社@d1979.12 | |
| 215 | @a58页@d20cm | |
| 606 | 0 | @a汽车工程 |
| 690 | @aU461.91@v3 | |
| 711 | 02 | @a山东烟台汽运公司@4编 |
| 801 | @aCN@bTSTCL@c20031222 | |
| 905 | @dU461.91@e4@f1@b74411 | |
| 安全行车百万公里经验/山东烟台汽运公司编.-北京:人民交通出版社,1979.12 |
| 58页;20cm |
| ISBN :CNY0.18 |
| ● |
| 相关链接 |
|
|
|
|
正题名:安全行车百万公里经验
索取号:U461.91/4
 
预约/预借
| 序号 | 登录号 | 条形码 | 馆藏地/架位号 | 状态 | 备注 |
| 1 | 0074411 | 001487732 | 第三借阅区/ [索取号:U461.91/4] | 在馆 | |
| 2 | 0074412 | 001487741 | 第二样本阅览室/ [索取号:U461.91/4] | 在馆 |